书目信息 |
| 题名: |
罗生门
|
|
| 作者: | ||
| 分册: | ||
| 出版信息: | 北京 中国电影出版社 1984.11 |
|
| 页数: | 109页 | |
| 开本: | 19cm | |
| 丛书名: | ||
| 单 册: | ||
| 中图分类: | I207.35 | |
| 科图分类: | ||
| 主题词: | 文学--中国 | |
| 电子资源: | ||
| ISBN: | 7-88406-471-5 | |
| 000 | 00460nam0 2200181 45 | |
| 001 | 0308271055 | |
| 005 | 20030827104342.1 | |
| 010 | @a7-88406-471-5@dRMB0.54 | |
| 100 | @a20030827d1984 km y0chiy0120 ea | |
| 101 | @achi | |
| 105 | @a z 000yy | |
| 200 | 1 | @a罗生门@Aluo sheng men |
| 210 | @a北京@c中国电影出版社@d1984.11 | |
| 215 | @a109页@c无图表@d19cm | |
| 606 | 0 | @a文学@x中国 |
| 690 | @aI207.35@v3 | |
| 801 | @aCN@b@c20030827 | |
| 905 | @aBZT@dI207.35@e10 | |
| 罗生门.-北京:中国电影出版社,1984.11 |
| 109页:无图表;19cm |
| ISBN 7-88406-471-5:RMB0.54 |
| ● |
| 相关链接 |
|
|
|
正题名:罗生门
索取号:I207.35/10
 
预约/预借
| 序号 | 登录号 | 条形码 | 馆藏地/架位号 | 状态 | 备注 |
| 1 | 4006 | 200112895 | 中心书库中库/打包BH0974/ [索取号:I207.35/10] | 在馆 |